Ústava a ústavnosť v slovenskom politickom systéme

Vymedzenie politického systému ako sústavy formalizovaných inštitúcií, ktorých základom je ústava a zákony. Počiatky vývinu ústav v starovekom Grécku a vznik ústav v súčasnom zmysle. Vývoj ústavnosti v Slovenskom politickom systéme. Ústava ako základný zákon na vrchole právneho poriadku nášho štátu...

Ausführliche Beschreibung

Gespeichert in:
Bibliographische Detailangaben
1. Verfasser: Ondria, Peter
Format: Buchkapitel
Sprache:Slowakisch
Schlagworte:
Tags: Tag hinzufügen
Keine Tags, Fügen Sie das erste Tag hinzu!

MARC

LEADER 00000naa$a2200000$$$4500
001 0019875
005 20231107111208.1
041 0 |a slo 
044 |a SK 
245 1 0 |a Ústava a ústavnosť v slovenskom politickom systéme  |c Peter Ondria 
520 |a Vymedzenie politického systému ako sústavy formalizovaných inštitúcií, ktorých základom je ústava a zákony. Počiatky vývinu ústav v starovekom Grécku a vznik ústav v súčasnom zmysle. Vývoj ústavnosti v Slovenskom politickom systéme. Ústava ako základný zákon na vrchole právneho poriadku nášho štátu. Ústavné normy. Funkcie ústavy: integračná, ideologická, kultúrna. Princíp moderného konštitucionalizmu. Princíp demokracie. Ústavná úprava základných práv a slobôd. Princíp právneho štátu. Princíp republikánskeho parlamentarizmu. 
610 2 0 |a ústava 
610 2 0 |a Slovensko 
610 2 0 |a systémy politické 
610 2 0 |a moc štátna 
610 2 0 |a moc zákonodarná 
610 2 0 |a demokracia 
100 1 |a Ondria, Peter